00325nam a2200109Ia 4500008004100000082001200041100001600053245008500069250002500154260000900179300002700188190415s9999 xx 000 0 und d aTD.0150 aDesai, S.V. 0aStudy of the outstanding problems of teachers of standars V-VII of the Marathi l aUniversity of Bombay c1981 axxxi, 490p. + C D - 69